| 000 | 00893nas a2200277 4500 | ||
|---|---|---|---|
| 001 | BR0902977 | ||
| 003 | BR-BrBNA | ||
| 005 | 20231205113416.0 | ||
| 007 | ta | ||
| 008 | 230509b bl.|||p| |||| 00| 00por d | ||
| 040 |
_aBR-BrBNA _bpor _cBiblioteca Nacional de Agricultura |
||
| 041 | _a(Pt) | ||
| 072 | _aH60 | ||
| 100 | 1 | _aSilva, I.A.B. | |
| 100 | 1 | _aKuva, M.A. | |
| 100 | 1 | _aAlves, P.L.C.A. | |
| 100 | 1 | _aSalgado, T.P. | |
| 245 | 1 | _aInterferência de uma comunidade de plantas daninhas com predominância de Ipomoea hederifolia na cana-soca | |
| 650 | _aCANA DE AÇUCAR | ||
| 650 | _aCORDA DE VIOLA | ||
| 650 | _aCOMPETIÇÃO DE VARIEDADE | ||
| 773 | 0 |
_tPlanta Daninha (Brazil) _xISSN 0100-8358 _g(Apr-Jun 2009), v. 27(2) p. 265-272 _wBR0902977 |
|
| 856 | 4 | 0 | _uhttp://www.aprh.pt/rgci/pdf/rgci-155_Borges.pdf |
| 909 |
_a202311 _bLúcia _c55 _dLúcia Elande |
||
| 942 |
_2AGRIS _n0 _cANA |
||
| 999 |
_c203622 _d203622 |
||